The noble scholar, jurist, historian


 His Excellency Dr. Abdul Wahhab bin Ibrahim Abu Sulaiman, may Allah have mercy on him.


 He was born in Umm Al-Qura in the year 1356 AH.

المدونة الكبرى / (Record no. 3557)

MARC details
000 -LEADER
fixed length control field 01624cam a2200301 i 4500
003 - CONTROL NUMBER IDENTIFIER
control field SA-RiAUC
005 - DATE AND TIME OF LATEST TRANSACTION
control field 20250910111400.0
008 - FIXED-LENGTH DATA ELEMENTS--GENERAL INFORMATION
fixed length control field 241216s2001 ts g 00000dara c
040 ## - CATALOGING SOURCE
Original cataloging agency SA-RiAUC
Language of cataloging ara
Transcribing agency SA-RiAUC
Description conventions rda
082 04 - DEWEY DECIMAL CLASSIFICATION NUMBER
Classification number 258.2
090 ## - LOCALLY ASSIGNED LC-TYPE CALL NUMBER (OCLC); LOCAL CALL NUMBER (RLIN)
Classification number (OCLC) (R) ; Classification number, CALL (RLIN) (NR) 258.2
Local cutter number (OCLC) ; Book number/undivided call number, CALL (RLIN) ا م ا
100 1# - MAIN ENTRY--PERSONAL NAME
Personal name الإمام مالك، مالك بن أنس بن مالك،
Dates associated with a name 93-179 هجري
Relator term مؤلف.
245 12 - TITLE STATEMENT
Title المدونة الكبرى /
Statement of responsibility, etc. للإمام مالك بن أنس ؛ رواية سحنون بن سعيد التنوخي، عبد الرحمن بن القاسم العتقي ؛ حققها وراجعها وقدم لها علي بن السيد عبد الرحمن الهاشم.
250 ## - EDITION STATEMENT
Edition statement الطبعة الأولى.
264 #1 - PRODUCTION, PUBLICATION, DISTRIBUTION, MANUFACTURE, AND COPYRIGHT NOTICE
Place of production, publication, distribution, manufacture دبي :
Name of producer, publisher, distributor, manufacturer السيد علي بن السيد عبد الرحمن الهاشم،
Date of production, publication, distribution, manufacture, or copyright notice [2001]
300 ## - PHYSICAL DESCRIPTION
Extent 12 مجلد ؛
Dimensions 24 سم
336 ## - CONTENT TYPE
Content type term نص
Content type code txt
Source rdacontent
Materials specified كتاب
337 ## - MEDIA TYPE
Media type term بدون وسيط
Media type code n
Source rdamedia
338 ## - CARRIER TYPE
Carrier type term مجلد
Carrier type code nc
Source rdacarrier
500 ## - GENERAL NOTE
General note طبع على نفقة صاحب السمو الشيخ زايد بن سلطان آل نهيان رئيس دولة الامارات العربية المتحدة.
650 #7 - SUBJECT ADDED ENTRY--TOPICAL TERM
Topical term or geographic name entry element الفقه المالكي
Source of heading or term aucsh
650 #7 - SUBJECT ADDED ENTRY--TOPICAL TERM
Topical term or geographic name entry element الفقه الإسلامي
General subdivision مذاهب
Source of heading or term aucsh
700 1# - ADDED ENTRY--PERSONAL NAME
Personal name سحنون، عبد السلام بن سعيد بن حبيب،
Dates associated with a name 160-240 هجري
Relator term راوي.
700 1# - ADDED ENTRY--PERSONAL NAME
Personal name ابن القاسم، عبد الرحمن،
Dates associated with a name 132-191 هجري
Relator term راوي.
700 1# - ADDED ENTRY--PERSONAL NAME
Personal name الهاشم، علي بن عبد الرحمن،
Dates associated with a name 1945-
Relator term محقق.
942 ## - ADDED ENTRY ELEMENTS (KOHA)
Source of classification or shelving scheme Dewey Decimal Classification
Koha item type Books
Suppress in OPAC No
949 ## - LOCAL PROCESSING INFORMATION (OCLC)
a SA-JeALM
d 241216
u osman123
n 1
Holdings
Withdrawn status Lost status Source of classification or shelving scheme Materials specified (bound volume or other part) Damaged status Not for loan Home library Current library Date acquired Total checkouts Full call number Barcode Date last seen Price effective from Koha item type
    Dewey Decimal Classification الجزء الاول     DR AbdElwahab Library DR AbdElwahab Library 12/16/2024   258.2 ا م ا 000005542 12/16/2024 12/16/2024 Books
    Dewey Decimal Classification الجزء الثاني     DR AbdElwahab Library DR AbdElwahab Library 12/16/2024   258.2 ا م ا 000005543 12/16/2024 12/16/2024 Books
    Dewey Decimal Classification الجزء الثالث     DR AbdElwahab Library DR AbdElwahab Library 12/16/2024   258.2 ا م ا 000005544 12/16/2024 12/16/2024 Books
    Dewey Decimal Classification الجزء الرابع     DR AbdElwahab Library DR AbdElwahab Library 12/16/2024   258.2 ا م ا 000005545 12/16/2024 12/16/2024 Books
    Dewey Decimal Classification الجزء الخامس     DR AbdElwahab Library DR AbdElwahab Library 12/16/2024   258.2 ا م ا 000005546 12/16/2024 12/16/2024 Books
    Dewey Decimal Classification الجزء السادس     DR AbdElwahab Library DR AbdElwahab Library 12/16/2024   258.2 ا م ا 000005547 12/16/2024 12/16/2024 Books
    Dewey Decimal Classification الجزء السابع     DR AbdElwahab Library DR AbdElwahab Library 12/16/2024   258.2 ا م ا 000005548 12/16/2024 12/16/2024 Books
    Dewey Decimal Classification الجزء العاشر     DR AbdElwahab Library DR AbdElwahab Library 01/05/2025   258.2 ا م ا 000007013 01/05/2025 01/05/2025 Books
    Dewey Decimal Classification الجزء الحادي عشر     DR AbdElwahab Library DR AbdElwahab Library 01/05/2025   258.2 ا م ا 000007014 01/05/2025 01/05/2025 Books
    Dewey Decimal Classification الجزء التاسع     DR AbdElwahab Library DR AbdElwahab Library 09/10/2025   258.2 ا م ا 000018700 09/10/2025 09/10/2025 Books
    Dewey Decimal Classification الجزء الثامن     DR AbdElwahab Library DR AbdElwahab Library 09/09/2025   258.2 ا م ا 000018701 09/10/2025 09/09/2025 Books